000 00301nam a2200109Ia 4500
008 220204s9999 xx 000 0 und d
082 _a065
_bJAC
100 _aJackson, David
245 0 _aCell system of production: An effective organisation structure
260 _aLondon
_bBusiness
_c1978
942 _cBK
999 _c32357
_d32357